000 00491nmm a2200157Ia 4500
008 251105s9999||||xx |||||||||||||||||und||
020 _a9788490293782
041 _aspa
100 _aRodríguez Ardura, Imma
245 0 _aEstrategias y técnicas de comunicación
264 _a[Madrid, España] :
_bUniversitat Oberta de Catalunya,
_c2007
300 _a300 páginas
650 _aMedia Studies (Journ., TV, etc)
856 _uhttps://public.digitaliapublishing.com/a/20135
942 _cCF
999 _c87623
_d87623